000 01175nam a2200301 a 4500
001 ebr10301338
003 CaPaEBR
006 m u
007 cr cn|||||||||
008 080117s2008 enka s 001 0 eng
010 _z 2008001338
020 _z9781841127903 (pbk. : alk. paper)
020 _z1841127906 (pbk. : alk. paper)
040 _aCaPaEBR
_cCaPaEBR
035 _a(OCoLC)463291705
050 1 4 _aHD31
_b.F5364 2008eb
082 0 4 _a658.4/063
_222
100 1 _aFisk, Peter
_q(Peter Robert)
245 1 0 _aBusiness genius
_h[electronic resource] :
_ba more inspired approach to business growth /
_cPeter Fisk.
260 _aChichester, UK ;
_aHoboken, NJ :
_bCapstone,
_cc2008.
300 _ax, 349 p. :
_bill.
500 _aIncludes index.
533 _aElectronic reproduction.
_bPalo Alto, Calif. :
_cebrary,
_d2013.
_nAvailable via World Wide Web.
_nAccess may be limited to ebrary affiliated libraries.
650 0 _aIndustrial management.
655 7 _aElectronic books.
_2local
710 2 _aebrary, Inc.
856 4 0 _uhttp://site.ebrary.com/lib/rucke/Doc?id=10301338
_zAn electronic book accessible through the World Wide Web; click to view
999 _c170652
_d170652